Neviditelný
Saved in:
| Main Author | |
|---|---|
| Format | Electronic eBook |
| Language | Czech |
| Published |
Jota
2012
|
| Edition | 1. elektronické vydání |
| Subjects | |
| Online Access | Dostupné v BOOKPORT po přihlášení pomocí eduID |
| ISBN | 978-80-7462-173-4 978-80-7217-913-8 |
| Physical Description | 1 online zdroj (288 stran) |
Cover
| LEADER | 00000nam a2200000 i 4500 | ||
|---|---|---|---|
| 001 | bkp195036166 | ||
| 003 | CZ-prgp | ||
| 005 | 20171107171828.0 | ||
| 006 | m o d | ||
| 007 | cr cn | ||
| 008 | 171107s2012 xr o 000 1 cze | ||
| 020 | |a 978-80-7462-173-4 |c 149 Kč |q (online ; epub) | ||
| 020 | |a 978-80-7217-913-8 |c 238 Kč |q (print) | ||
| 040 | |a Grada |b cze |e rda | ||
| 100 | 1 | |a Payne, C.D. | |
| 245 | 1 | 0 | |a Neviditelný |c C.D. Payne |
| 250 | |a 1. elektronické vydání | ||
| 264 | 1 | |b Jota |c 2012 | |
| 300 | |a 1 online zdroj (288 stran) | ||
| 336 | |a text |b txt |2 rdacontent | ||
| 337 | |a počítač |b c |2 rdamedia | ||
| 338 | |a online zdroj |b cr |2 rdacarrier | ||
| 520 | 3 | |a C. D. Payne tentokrát přináší lehce absurdní příběh chlapíka á la Big Lebowski. Sedmatřicetiletý Axel Weston je klasický loser - nezaměstnaný novinář, v rozvodovém řízení a finančně na dně. jednoho dne objeví čirou náhodou způsob, jak se stát neviditelným. Této překvapivé schopnosti začne využívat ve vlastní prospěch - krádežemi v obchodech, neplacením v restauracích, špehováním mladých žen v kabinkách luxusních butiků nebo jako neviditelný paparazzi. Být neviditelným ale není až tak jednoduché, jak se zdálo. Původně snadný plán se začne zadrhávat a Axel náhle čelí nečekaným komplikacím, včetně enormního zájmu FBI. | |
| 650 | 0 | 4 | |a Humor, satira |
| 856 | 4 | 0 | |u https://www.bookport.cz/AccountSaml/SignIn/?idp=https://shibboleth.utb.cz/idp/shibboleth&returnUrl=/kniha/neviditelny-3997/ |y Dostupné v BOOKPORT po přihlášení pomocí eduID |